[Event "Accession Meyreuil 03/04"]
[Site "?"]
[Date "2003.11.22"]
[Round "3"]
[White "Parroco, Pierre-Jean"]
[Black "Blondelon, Alain"]
[Result "1-0"]
[WhiteElo "1700"]
[BlackElo "1680"]
[PlyCount "35"]

1. e4 c5 2. Nf3 d6 3. d4 cxd4 4.
Nxd4 Nf6 5. Nc3 a6 6. Bd3 e6 7. O-O Be7 8. Kh1 $146 ({
la ligne principale commence par} 8. Be3 8... Nbd7 9. f4 Qc7 10. Qf3 b5 11.
Rae1 Bb7 12. Kh1 $11) 8... Qc7 $14 9. Bg5 Nbd7 10. f4 O-O 11. Rf3 b5 12. Rh3 {#
} 12... Nc5 $4 (12... h6 {
un coup qui a l'air bon, mais Fritz trouve une attaque fantastique} 13. Bxh6 $1
13... gxh6 14. Qf3 Re8 15. Qg3+ Kf8 16. Rxh6 Bd8 17. Rh8+ Ke7 (17... Ng8 18.
Nxe6+ fxe6 19. Qxg8+ Ke7 20. Qg7#) 18. Nxe6 $3 18... Rxh8 (18... Qb7 19. Nd5+
Nxd5 20. Rxe8+ Kxe8 21. Qg8+ Ke7 22. exd5 Qb6 (22... Ba5 23. Re1 $1 23... Ne5
24. Qf8+ Kd7 25. fxe5 Qxd5 26. Qxf7+ Kc6 27. Be4 Qxe4 28. Rxe4 $18) 23. Ng5 Ne5
24. fxe5 Kd7 25. Qxf7+ Be7 26. Qe6+ Kc7 27. Qxe7+ Kb8 28. Nf7 $18) 19. Nxc7
Bxc7 20. Nd5+ Nxd5 21. exd5 Kf8 22. Bxb5 $18) ({le mieux est encore} 12... Re8
13. e5 dxe5 14. fxe5 Qxe5 15. Bxf6 Nxf6 16. Nc6 Qc5 17. Nxe7+ Qxe7 18. Bxh7+ $1
18... Nxh7 19. Qh5 Kf8 20. Qxh7 Qg5 21. Qe4 Ra7 22. Rh8+ Ke7 23. Qb4+ Kd8 24.
Ne4 Qd5 25. Rxe8+ Kxe8 26. Nd6+ 26... Kd8 $16) 13. Qe1 $4 (13. e5 $5 {
est le meilleur} 13... Nxd3 14. Qxd3 Qc4 15. exf6 Qxd3 16. Rxd3 Bxf6 17. Bxf6
17... gxf6 $18 {les Blancs ont un N pour un P}) (13. Bxf6 {est bon aussi} 13...
Bxf6 14. e5 g6 (14... Be7 $4 15. Bxh7+ Kh8 16. Bg6+ Kg8 17. Rh8+ Kxh8 18. Qh5+
Kg8 19. Qh7#) 15. exf6 $18 {avec un N d'avance}) 13... Ncd7 $4 (13... h6 $142 {
ralenti la defaite} 14. Qh4 Nxd3 15. cxd3 b4 16. Bxh6 Ne8 17. Bg5 f6 18. Qh7+
Kf7 19. Qh5+ Kg8 20. f5 bxc3 21. Qh7+ Kf7 22. Qg6+ Kg8 23. Rh7 cxb2 24. Rg1 Rb8
25. Qh5 g6 26. Qxg6+ Ng7 27. Qxg7#) 14. e5 $1 $18 14... dxe5 15. Bxh7+ $1 15...
Kh8 ({si} 15... Nxh7 16. Qh4 f6 17. Qxh7+ Kf7 18. Qh5+ Kg8 (18... g6 19. Qh7+
Ke8 20. Qxg6+ Rf7 21. Rh7 Qd6 22. Qxf7+ Kd8 23. Nxe6+ Qxe6 24. Qxe6 $18) 19.
Qg6 Bc5 (19... Qc4 20. Rh7 Rf7 21. Qh5 Kf8 22. Rh8#) 20. Rh7 Rf7 21. Qh5 Kf8
22. Nxe6+ $18 {gagne la Q}) 16. Bd3+ {
16.Bf5+ Kg8 17.Qh4 Nh5 18.Qxh5 f6 19.Bxe6+ Rf7 20.Qxf7#} 16... Nh5 (16... Kg8
{ne change rien} 17. Nf5 $1 {le coup de grisou} 17... Nb8 (17... exf5 18. Qh4
Nh5 19. Qxh5 f6 20. Bxf5 Qd6 21. Bh7+ Kh8 22. Bg6+ Kg8 23. Qh7#) 18. Qh4 Nh5
19. Qxh5 f6 20. Nh6+ Kh8 21. Nf7+ Kg8 22. Bh7#) 17. Rxh5+ Kg8 18. Rh8+ $1 {
une partie a voir pour toutes ses variantes tactiques} (18. Rh8+ Kxh8 19. Qh4+
Kg8 20. Qh7#) 1-0

[Event "Accession Meyreuil 03/04"]
[Site "?"]
[Date "2003.11.22"]
[Round "3"]
[White "Hernandez, Jean-Pierre"]
[Black "Colandrea, Sauveur"]
[Result "0-1"]
[WhiteElo "1680"]
[BlackElo "1820"]
[PlyCount "136"]

1. c4 e5 2. Nc3 d6 3. Nf3 f5 4. d3 ({on joue plutot
} 4. d4 4... e4 5. Ng5 c6 6. g3 Be7 7. Nh3 Nf6 8. Bg2 O-O 9. O-O Na6 10. f3
exf3 11. exf3 Nc7 12. d5 $11) 4... Nf6 5. Bg5 (5. g3 Be7 6. Bg2 O-O 7. O-O Qe8
8. Bg5 Nbd7 9. e3 h6 10. Bxf6 Nxf6 11. d4 e4 12. Nd2 c5 13. Nb5 Qd8 14. Qb3 a6
15. Nc3 cxd4 16. exd4 Rb8 17. Rae1 b5 18. f3 Be6 19. fxe4 bxc4 20. Qc2 fxe4 21.
d5 Qb6+ 22. Kh1 Nxd5 23. Qxe4 Nc7 24. Qg6 Rxf1+ 25. Bxf1 d5 26. Bg2 Bf6 27.
Nxd5 Nxd5 28. Nxc4 28... Qd4 {
0-1 Ivanov,I-Gulko,B/Thessaloniki olm 1988/TD 88\06 (28)}) 5... Be7 6. g3 $146
6... O-O 7. Bg2 Qe8 8. Bxf6 8... Bxf6 {
mais pas 8...Rxf6? 9.Nd5 Na6 10.Nxf6+ Bxf6 11.Qd2 +/-} 9. O-O Kh8 10. Nd2
10... g5 {10...c6 11.e3 Na6 =/+} 11. e3 11... c6 {Couvre b5+d5} 12. Kh1 Nd7
13. f4 gxf4 14. exf4 exf4 15. Rxf4 Bg5 16. Rf1 Ne5 17. Nf3 Bh6 18. Qe2 Ng4 19.
Rae1 Bd7 20. Nd4 {Attaque le pion isole en f5 20.Qe7 Qxe7 21.Rxe7 Rad8 =}
20... Qh5 21. Bf3 Rfe8 22. Qg2 Qg6 23. Bxg4 {
23.Rxe8+ Rxe8 24.Nc2 Ne5 25.Be2 =/+} 23... Qxg4 {
23...Rxe1 24.Rxe1 fxg4 25.Re4 =/+} 24. Nde2 Bd2 25. Rd1 Bh6 26. Nf4 Re3 27.
Qh3 {27.Qg1!? Re5 28.Qd4 Bf8 +/=} 27... Qxh3 $11 28. Nxh3 Rae8 29. Nf4 {
Le cavalier est en securite en f4} 29... Bg7 30. Kg2 30... Bd4 {
Une case confortable pour le fou noir} 31. Rd2 Kg8 32. Re2 32... Rxe2+ {
32...R3e5 33.Rfe1 =/+} 33. Nfxe2 Bg7 34. Nf4 Bd4 35. Nfe2 Bg7 36. Rf2 Rf8 37.
Nf4 Re8 38. Re2 Rxe2+ 39. Nfxe2 $11 {les Noirs ont une faiblesse (le Pf5)
compensee par la paire de B contre la paire de N} 39... Kf7 40. Nf4 Bd4 41. Nd1
b5 42. b3 d5 43. h3 Bb6 44. Nc3 d4 45. Nce2 c5 46. Nd5 Bc6 47. Nef4 47... a6 {
# 47...b4 48.Kf2 =/+} 48. g4 $2 {une grave faute positionnelle. Le Pf5 gene
plutot les Noirs, il ne faut donc pas l'echanger, surtout si c'est pour se
retrouver avec un Pg4 faible. Les Blancs devraient tenir la position en jouant
Kf2-Kf3 ad. lib. Si les Noirs veulent pousser le Ph7, alors les Blancs jouent
h4 bloquant tout jeu a l'aile roi. La seule tentative de gain des Noirs passe
par l'echange du B de cases noires contre un N blanc, mais si les Blancs
gardent l'autre N (en f4 ou e2) les Noirs ne peuvent plus progresser} 48...
fxg4 49. hxg4 Bc7 50. Kg3 $4 {50.Kh3 Bxf4 51.Nxf4 =/+} 50... Bxd5 $19 51.
cxd5 51... c4 $1 {une belle fin forcee pour la partie} 52. bxc4 {
52.dxc4 d3 -+} 52... bxc4 53. dxc4 d3 54. Kf3 Bxf4 55. c5 Ke7 56. d6+ Kd7 57.
Kf2 Kc6 58. Kf3 Bg5 59. Kf2 Kxc5 60. d7 Kc4 61. Ke1 a5 62. a4 Kb4 63. d8=Q Bxd8
64. Kd2 Kc4 65. Kd1 Kc3 66. Kc1 Bg5+ 67. Kb1 d2 68. Ka2 d1=Q (68... d1=Q 69.
Ka3 Qb3#) 0-1

[Event "Accession Meyreuil 03/04"]
[Site "?"]
[Date "2003.11.22"]
[Round "3"]
[White "Mamert, Robert"]
[Black "Thomet, Yannick"]
[Result "1/2-1/2"]
[WhiteElo "1700"]
[BlackElo "1930"]
[PlyCount "27"]

1. d4 g6 2. c4 Bg7 3. g3 d6 4. Bg2 Nf6
5. Nf3 O-O 6. O-O Nbd7 7. Nc3 7... Qe8 $146 ({les grandes lignes commencent par
} 7... e5 8. e4 c6 9. h3 Qb6 (9... Re8 10. b3 exd4 11. Nxd4 Nc5 12. Re1 12...
a5 $11) 10. Re1 exd4 11. Nxd4 11... Re8 $11) 8. h3 {Controle g4} 8... a6 9. e4
e5 10. Re1 Rb8 11. Nd5 c6 12. Nxf6+ 12... Nxf6 {
12...Bxf6 13.Bh6 Bg7 14.Bxg7 Kxg7 15.Qd3 c5 16.dxc5 dxc5 17.Rad1 b5 =} 13.
dxe5 $16 {(=)} 13... dxe5 14. Nxe5 $1 {
(=) les Blancs etaient d'humeur pacifique aujourd'hui} (14. Nxe5 $1 14... Bxh3
15. Bxh3 (15. Nxg6 $6 15... Bg4 16. f3 Rd8 17. Qe2 Bxf3 18. Bxf3 18... fxg6 $15
) 15... Qxe5 16. Bf4 Qxb2 17. Bxb8 Rxb8 18. e5 Ne8 19. Qe2 $16) 1/2-1/2

[Event "Accession Meyreuil 03/04"]
[Site "?"]
[Date "2003.11.22"]
[Round "3"]
[White "Corrias, Robert"]
[Black "Fabet, Olivier"]
[Result "1/2-1/2"]
[WhiteElo "1780"]
[BlackElo "1760"]
[PlyCount "30"]

1. e4 e5 2. Nc3 Nf6 3. f4 exf4 4. e5 Ng8 5. d4 $146 {
5.Nf3 d5 6.d4 g5 =} 5... Qh4+ 6. Ke2 b6 7. Nf3 Ba6+ 8. Kd2 Qf2+ 9. Ne2 Nc6
10. c3 f6 11. e6 $4 {11.Kc2 fxe5 12.dxe5 d6 =} 11... dxe6 $19 12. Kc2 g5 13.
Bd2 13... g4 $4 {les Noirs manquent le coche} (13... Bb7 14. Nc1 Nce7 15. Kb1
Be4+ 16. Nd3 O-O-O 17. Qc2 (17. Be1 $2 17... Qe3 $19) 17... Bxd3 18. Qxd3 18...
e5 $17) 14. Qe1 $4 {l'adversaire revient dans la partie} (14. Nxf4 $142 14...
Bb7 (14... gxf3 15. Bxa6 fxg2 16. Rg1 $18) 15. Nd3 (15. Nxe6 $2 {
est sans comparaison} 15... gxf3 16. Qe1 Qxe1 (16... fxg2 $4 {
les Noirs s'etranglent avec ce pion} 17. Ng7+ (17. Qxf2 gxh1=Q 18. Re1 Nb4+ 19.
cxb4 Be4+ 20. Kc3 Qf3+ 21. Qxf3 Bxf3 22. Ng5+ Ne7 23. Nxf3 23... a6 $17) 17...
Kf7 18. Bc4+ (18. Qxf2 $6 18... Nb4+ 19. cxb4 gxh1=Q 20. Bc4+ 20... Qd5 $18)
18... Kxg7 19. Qxf2 $18) 17. Rxe1 f2 18. Re2 Kd7 19. Nxf8+ Rxf8 20. Rxf2 $17 {
et les Noirs ont un N pour un P}) 15... Nb4+ 16. cxb4 (16. Nxb4 $143 16... gxf3
17. Bb5+ 17... Ke7 $15) 16... Be4 $18 {et les Blancs ont un N pour un P}) 14...
Qxe1 $19 15. Nxe1 15... e5 $19 {
avec 2P de plus, les Noirs ne risquaient rien a continuer} 1/2-1/2

[Event "Accession Meyreuil 03/04"]
[Site "?"]
[Date "2003.12.13"]
[Round "4"]
[White "Tchifteyan, Philippe"]
[Black "Fabet, Olivier"]
[Result "0-1"]
[WhiteElo "1690"]
[BlackElo "1760"]
[PlyCount "98"]

1. e4 e5 2. c4 Nf6 3. Nc3 Bc5 4. d3 Nc6 5. Be2 h6 6.
Nd5 6... Nd4 {une bonne case pour le cavalier} 7. b4 Nxd5 8. bxc5 Nc3 9. Qd2
Na4 10. Nf3 {10.Qa5!? Nxc5 11.Qxc5 d6 12.Qa5 Nc2+ = et les Noirs ont R+P
contre B+N et le K blanc est deroque} 10... Nxf3+ $15 11. Bxf3 Nxc5 12. O-O d6
13. Be2 Ne6 14. Qc3 14... c5 {les Noirs s'assurent l'importante case d4 pour
leur N et comme l'echange du Bc1 laisserait les Blancs avec un mauvais B, les
Noirs ont ont un avantage positionnel important} 15. f4 Nd4 16. Bd1 16... Bd7 {
16...0-0 17.Be3 f5 -/+} 17. a4 O-O 18. f5 f6 19. Ra2 a6 20. a5 b5 21. axb6
Qxb6 22. h4 {22.Rb2 Qc7 =/+} 22... Rfb8 $17 23. Rff2 Qa7 24. g4 Rb1 25. g5
25... Qb7 {>=25...hxg5 26.hxg5 fxg5 -/+} 26. Rfb2 $14 26... Rxb2 27. Rxb2 Qc7
28. gxh6 28... gxh6 $4 {deteriore gravement la position} (28... Kh7 29. Rg2 Rg8
30. Qd2 Be8 31. hxg7 Rxg7 32. Qh6+ Kg8 33. Qxf6 Rxg2+ 34. Kxg2 Qg7+ 35. Qxg7+
Kxg7 36. Bg5 Kf8 37. Bd8 $18 37... Nc6 38. Bc7 Ke7 39. h5 Bf7 40. h6 40... Bg8
$18 {et les Noirs sont quasiment en zugzwang}) ({le meilleur semble etre} 28...
Re8 $5 {(/\...Re7)} 29. hxg7 Re7 (29... Bc6 30. h5 Kxg7 31. Qd2 Rg8 32. Qh6+
Kf7+ 33. Rg2 Rxg2+ 34. Kxg2 Qd7 35. Kf2 $18) 30. Bh6 Qd8 31. h5 Bc6 32. Kf2 a5
33. Bd2 Kxg7 34. Qxa5 34... Qg8 $18 {avec quelques chances de contre-jeu}) 29.
Bxh6 $2 {laisse une bonne partie de l'avantage des Blancs} (29. Rg2+ $142 {
assure le gain} 29... Kf8 30. Bxh6+ Ke7 31. Rg7+ Kd8 32. Rg8+ Be8 33. Bh5 $18)
29... Kh7 $14 30. Bc1 Rg8+ 31. Kh2 31... Ba4 $2 {
31...Bc6 32.Qd2 Qg7 (le contre-jeu des Noirs est sur la colonne g) 33.Qf2 =}
32. Bh5 (32. Qd2 Rg7 33. Ra2 Bb3 34. Rxa6 34... Qd8 $16) (32. Bxa4 $4 32...
Nf3+ 33. Kh3 33... Qg7 $19) 32... Qg7 {32...Kh8!? 33.Bg6 Bd1 =} 33. Bg6+ $16
33... Kh8 34. Kg3 {>=34.Be3 Be8 35.h5 +/-} 34... Qh7 $15 35. h5 $4 (35. Bg5
Rxg6 36. fxg6 Qxg6 37. Qa5 fxg5 38. Qxa4 gxh4+ 39. Kxh4 Nf3+ 40. Kh3 Ng5+ 41.
Kh4 Nf3+ 42. Kh3 42... Ng5+ $11) 35... Qxh5 $19 36. Rh2 Ne2+ 37. Kg2 {
37.Rxe2 est le moins mauvais Qxe2 38.Qd2 Qxd2 39.Bxd2 -+} 37... Qxh2+ $1 {
decide de la partie} (37... Nxc3 $4 {autorise un mat en 3 par} 38. Rxh5+ Kg7
39. Bh6+ Kh8 40. Bf8#) 38. Kxh2 Nxc3 39. Bd2 Ne2 40. Bh5 40... Nd4 {
>=40...Ng3! 41.Bg6 Nf1+ et ...Nxd2 -+} 41. Ba5 Rc8 (41... Rg5 $142 {
assure le point} 42. Bd8 (42. Bg6 Bd1 43. Bd8 43... Kg7 $19 {
et le mat suit par ...Nf3, ...Be2 etc}) 42... Rxh5+ 43. Kg1 Ne2+ 44. Kf1 44...
Rh2 $19) 42. Bf7 Kg7 43. Bd5 Bc6 44. Be6 Nxe6 45. fxe6 Re8 46. Kg3 Rxe6 47. Kg4
Kg6 48. Bc7 Ba4 49. Kf3 Kf7 0-1

[Event "Accession Meyreuil 03/04"]
[Site "?"]
[Date "2003.12.13"]
[Round "4"]
[White "Thomet, Yannick"]
[Black "Corrias, Robert"]
[Result "0-1"]
[WhiteElo "1930"]
[BlackElo "1780"]
[PlyCount "122"]

1. d4 Nf6 2. e3 d6 3. Bd3
e5 4. Nd2 Be7 (4... Nc6 {est plus precis} 5. c3 d5 6. f3 Bd6 7. Ne2 O-O 8. O-O
8... Qe7 $15) 5. f4 exf4 6. exf4 Nc6 7. c3 Bg4 8. Ngf3 Qd7 9. O-O O-O-O 10. Qa4
Kb8 11. Ng5 Rdf8 12. Bb5 12... d5 {12...h6 13.Ngf3 =} 13. Ndf3 $14 13... Bxf3
14. Nxf3 Qd6 15. Ne5 Nd8 16. Bd2 c6 17. Bd3 Ne4 18. Rad1 {
18.Bxe4 dxe4 19.Be3 a6 20.f5 +/-} 18... f5 19. b4 19... b5 {
19...a6!? +/= devait etre considere} 20. Qa6 $16 {
les Blancs obtiennent une attaque sur le roi} 20... Rf6 {
20...Bf6 21.a4 bxa4 22.Qxa4 +-} 21. a4 $18 21... bxa4 22. Qxa4 Qc7 23. Be1
Re6 (23... Rd6 24. b5 c5 25. c4 cxd4 (25... dxc4 26. Ba5 Qc8 27. Bxe4 fxe4 28.
d5 $18) 26. Ba5 Qc8 27. Bxd8 Rhxd8 28. Nc6+ Rxc6 29. bxc6 $18) 24. Ra1 Rf8 25.
b5 25... c5 {25...Ka8 26.c4 cxb5 27.Qxb5 +-} 26. b6 $1 26... Rxb6 {
evidemment 26...axb6?? 27.Qa8#} 27. Nd7+ Ka8 28. Nxb6+ (28. Qxa7+ $142 $1 {
le plus court chemin} 28... Qxa7 29. Nxb6+ Kb8 30. Rxa7 Kxa7 31. Nc8+ Kb7 32.
Nxe7 cxd4 33. Nxd5 33... Nc6 $18) 28... Qxb6 29. Qd7 $4 {
relache la pression >=29.Rb1 Qc7 30.c4 +-} 29... Qb7 $18 30. Qa4 c4 31. Bc2
Rf6 32. Bxe4 fxe4 33. Bh4 33... Re6 $2 {
33...Rb6 34.Bxe7 Qxe7 35.Rfb1 Rxb1+ 36.Rxb1 +-} 34. f5 (34. Rfb1 $142 34...
Qc7 35. f5 Rh6 36. Bg3 36... Bd6 {(force)} 37. Qb5 $18) 34... Rc6 $2 {
34...Rb6 35.Bxe7 Qxe7 +-} 35. Rfb1 Qc7 36. Bxe7 Qxe7 37. Qb5 {
37.Rb5 e3 38.Rxd5 Rc7 39.Re5 +-} 37... Qd6 38. Qa5 {
38.Ra5 a6 39.Qxd5 Qxd5 40.Rxd5 Nf7 41.Rd7 +-} 38... Rc7 39. Rb6 (39. Rb5 $5 {
semble mieux} 39... Nc6 40. Qb6 e3 41. Rxd5 Qf4 (41... Qxd5 42. Qxc7 e2 43.
Qc8+ Nb8 44. Qe6 $18) 42. Rb5 Qf2+ 43. Kh1 Qf1+ 44. Rxf1 axb6 45. Rxb6 $18)
39... Nc6 40. Qa6 Qd7 41. Rab1 41... Rc8 $4 {
# les Noirs craquent...41...h5 ou ...Qc8 ou ...Qe8 +-} 42. Rb7 Rc7 (42... Rg8
{n'ameliore rien} 43. Rxd7 Rb8 44. Rxb8+ Kxb8 45. Qb7#) (42... Qc7 43. Rxc7
43... Rxc7 $18 {evite le mat, mais pas l'abandon}) 43. Qxc6 $4 {
43.Qxa7+! Nxa7 44.Rb8#} 43... Rxb7 $19 {43...Rxc6?? 44.Rb8#} 44. Qxd7 Rxd7
45. Rb5 a6 46. Ra5 (46. Rc5 $5 46... Kb7 47. g4 $1 47... Kb6 48. Rc8 a5 49. Ra8
$19 {et avec une R plus active, les Blancs peuvent essayer du contre-jeu})
46... Kb7 47. g4 Kb6 48. Ra2 Kb5 49. Kf2 a5 50. Ke3 a4 51. h4 51... Ka5 {
51...Ra7 52.Ra3 -+} 52. g5 52... Rb7 {52...Re7 53.h5 -+} 53. f6 $2 (53. Kf4
$142 {et les Blancs peuvent esperer survivre...un petit peu plus !} 53... Rb3
54. f6 gxf6 55. gxf6 Rxc3 56. Rf2 e3 57. Re2 Rc1 58. Rxe3 Rf1+ 59. Rf3 (59. Ke5
59... Kb4 $19) 59... Rxf3+ 60. Kxf3 c3 61. f7 c2 62. f8=Q c1=Q 63. Qe8 Kb4 64.
Qe7+ Kc3 65. Qc5+ 65... Kd2 $19) 53... gxf6 $19 54. gxf6 Rf7 55. Kf4 Rxf6+ 56.
Ke5 Rf3 57. Kxd5 57... e3 $4 (57... Rxc3 $142 {
et les Noirs peuvent celebrer la victoire} 58. Kxe4 58... a3 $19 59. d5 59...
Kb4 $19) 58. Re2 $17 58... a3 59. Kxc4 59... Kb6 {59...Ka4 60.d5 -/+} 60. Kb3
(60. Kb4 $142 60... Rh3 61. Kxa3 $11) 60... a2 $4 {
laisse le camp adverse revenir dans la partie} (60... Kc6 $142 61. Kc4 (61.
Kxa3 Kd5 62. Kb3 Ke4 63. Kc4 Rf2 64. Re1 64... Rd2 $19) 61... h5 $17 62. d5+
Kd6 63. Ra2 Ke5 64. Kc5 Rf8 (64... Rf2 $2 65. Rxa3 e2 66. Ra8 Kf4 67. Re8 Kf3
68. d6 $18) 65. c4 65... Rc8+ $19) 61. Kxa2 $4 {met la victoire aux oubliettes}
(61. Rxa2 $142 61... h5 62. Re2 $16) 61... Rf2 $19 0-1

[Event "Accession Meyreuil 03/04"]
[Site "?"]
[Date "2003.12.13"]
[Round "4"]
[White "Colandrea, Sauveur"]
[Black "Mamert, Robert"]
[Result "1/2-1/2"]
[WhiteElo "1820"]
[BlackElo "1700"]
[PlyCount "39"]

1. e4 Nf6 2. e5 Nd5 3. d4 d6 4. Nf3
g6 5. Bc4 Nb6 6. Bb3 Bg7 7. O-O O-O 8. h3 Nc6 9. exd6 ({ou bien} 9. Qe2 9... a5
10. a4 dxe5 11. dxe5 Nd4 12. Nxd4 Qxd4 13. Re1 Bf5 14. Nd2 $14) 9... cxd6 $11
10. c3 Bf5 11. g4 Bxb1 12. Rxb1 d5 13. Bf4 e6 14. Qe2 Nc4 15. Bxc4 dxc4 16. Ne5
{16.Qxc4? ne marche pas a cause de Qf6 -+} 16... Nxe5 17. Bxe5 Rc8 18. Bxg7
Kxg7 19. Qe5+ Kg8 20. Kg2 1/2-1/2

[Event "Accession Meyreuil 03/04"]
[Site "?"]
[Date "2003.12.13"]
[Round "4"]
[White "Blondelon, Alain"]
[Black "Hernandez, Jean-Pierre"]
[Result "1/2-1/2"]
[WhiteElo "1680"]
[BlackElo "1680"]
[PlyCount "89"]

1. Nf3 Nf6 2. d4 d5 3. e3 e6 4. Bd3
c5 5. c3 Nc6 6. Nbd2 Bd6 7. O-O O-O 8. Re1 e5 9. dxe5 Nxe5 10. Nxe5 Bxe5 11.
Nf1 {11.Nf3 Bd6 12.b3 Qc7 13.c4 =} 11... b6 $15 12. f4 Bc7 13. Qf3 {
13.b3 Qe7 14.Bb2 =/+} 13... Bb7 {13...Bg4 14.Qg3 Qd7 -/+ suivi de ...Rfe8
et ...Bf5 pour prendre le controle de la case e4} 14. Ng3 $15 14... Re8 15. e4
$2 {>=15.Rd1 =/+} 15... dxe4 $19 16. Nxe4 16... Nxe4 {#} 17. Bxe4 $2 (17.
Rxe4 $142 17... Re6 18. f5 Bxh2+ 19. Kxh2 Bxe4 20. Qg4 Qxd3 21. fxe6 21... f5
$19) 17... Bxe4 $4 {laisse echapper une victoire certaine} (17... Rxe4 $142 {
et les Noirs gagnent} 18. Rxe4 f5 (18... Bxe4 $6 19. Qxe4 Qd1+ 20. Kf2 $15) 19.
Rd4 Qe8 20. Qf2 20... cxd4 $19) 18. Rxe4 $15 18... Rxe4 19. Qxe4 Qd1+ 20. Kf2
Rd8 21. Rb1 Qd5 22. Qxd5 $11 22... Rxd5 23. Be3 f5 24. h3 h5 25. Kf3 Rd3 26.
Ke2 Rd7 27. Kf3 Kf7 28. Re1 a6 29. b3 Rd3 30. Ke2 Rd7 31. Kf3 Bd8 32. g3 Bf6
33. c4 Bc3 34. Rc1 Bf6 35. Re1 g6 36. Rc1 a5 37. Kf2 Bd4 38. Bxd4 Rxd4 39. Ke3
Ke6 40. Rc2 Re4+ 41. Kf3 Re1 42. Kf2 Rd1 43. Kf3 Rd3+ 44. Kf2 $6 {44.Kg2!? =}
44... Kf6 $6 {44...h4!? 45.Re2+ Kf7 46.gxh4 Rxh3 -/+} 45. Re2 (45. h4 a4 46.
Rb2 46... Kf7 $11) (45. Re2 h4 46. gxh4 46... Rxh3 $15) 1/2-1/2

[Event "Accession Meyreuil 03/04"]
[Site "?"]
[Date "2003.12.13"]
[Round "4"]
[White "Derien, Robert"]
[Black "Parroco, Pierre-Jean"]
[Result "0-1"]
[WhiteElo "1710"]
[BlackElo "1700"]
[PlyCount "70"]

1. e4 e6 2. d4 d5 3. Nc3 Bb4 4. e5
c5 5. a3 Bxc3+ 6. bxc3 c4 7. Nf3 {7.Qg4!? +/= est interessant} 7... Nc6 8.
Be2 Nge7 9. Bg5 $146 9... h6 10. Bd2 Bd7 11. Rb1 Qc7 12. O-O O-O-O 13. Rb2
13... g5 {13...f6 est le coup juste : il faut attaquer la chaine de P blanche,
ouvrir des lignes sur le K blanc et gagner un peu d'espace 14.Be3 Nf5 15.Qd2
fxe5 16.Nxe5 Nxe5 17.dxe5 b6 =} 14. h4 {
14.h3!? Rhf8 15.Nh2 f6 16.exf6 Rxf6 17.Ng4 Rg6 =} 14... gxh4 $11 15. Nxh4
Rdg8 16. Bh5 Rg7 17. Qf3 Be8 18. Qf6 Rgh7 (18... Rhh7 19. Nf3 (19. Bxh6 $143
19... Rg8 20. Bf3 Rgh8 21. Bg7 Ng8 22. Qg5 f6 23. exf6 Rxh4 24. g3 R4h5 25. Qg4
(25. Bxh5 Rxh5 26. Qe3 26... Nd8 $15) 25... Qd7 26. Bxh8 Rxh8 27. Qg7 Qxg7 28.
fxg7 28... Rh7 $15) 19... Qa5 $11) 19. Rfb1 Nd8 20. g3 Ng8 21. Qf3 Qe7 22. Bc1
Rg7 23. Ng2 23... f5 {23...f6 24.Bxe8 Qxe8 25.Bf4 =} 24. Bxe8 Qxe8 25. Nf4 {
Fritz prefere eloigner le K blanc par 25.Kf1 h5 26.Ke1 =} 25... h5 $15 26.
Ng2 {>=26.Kf1!? =/+} 26... h4 $17 27. Bf4 Qg6 (27... Qa4 $5 28. gxh4 Rxh4 29.
Bg3 $17 29... Rh6 30. Ne1 Rgh7 31. Kf1 (31. Ra1 31... Nf7 $19 {
avec l'idee ...Ng5-...Ne4}) (31. Rb4 $2 31... Rh1+ 32. Qxh1 Rxh1+ 33. Kxh1
33... Qxa3 $19) 31... Qxa3 32. Ke2 32... Ne7 $19) 28. Kf1 hxg3 29. fxg3 Nh6 30.
Nh4 Qh7 31. Bxh6 $2 {>=31.Ke2 Ng4 -/+} 31... Qxh6 $19 32. Ke2 32... f4 $1 33.
Ng2 {Evidemment pas 33.Qxf4?? Qxf4 34.gxf4 Rxh4 -+ avec une piece en plus}
33... Rxg3 34. Qf1 {(/\ Nxf4)} 34... f3+ 35. Kd1 (35. Ke1 {mene au mat} 35...
Rxg2 36. Qf2 Qe3+ 37. Qxe3 Rh1+ 38. Qg1 Rhxg1#) 35... Rxg2 (35... Rxg2 36. Qxg2
fxg2 37. Ke2 g1=N+ 38. Rxg1 Qh2+ 39. Kf1 Rf8+ 40. Ke1 Qxg1+ 41. Ke2 Qg2+ 42.
Ke3 Qf2#) 0-1

[Event "Accession Meyreuil 03/04"]
[Site "?"]
[Date "2004.01.10"]
[Round "5"]
[White "Parroco, Pierre-Jean"]
[Black "Tchifteyan, Philippe"]
[Result "0-1"]
[WhiteElo "1700"]
[BlackElo "1690"]
[PlyCount "108"]

1. e4 e5 2. Nf3 d6 3. d4 exd4 4. Nxd4 Bd7 ({
la "theorie" indique :} 4... Nf6 5. Nc3 Be7 6. Bc4 (6. Be2 O-O 7. O-O Re8 8. f4
Bf8 9. Bf3 Na6 10. Re1 10... c6 $11) 6... O-O 7. O-O Nxe4 8. Nxe4 d5 9. Bd3
dxe4 10. Bxe4 Bf6 11. c3 11... Nd7 $14) 5. Bd3 Nc6 6. c3 {
6.Nxc6 Bxc6 7.0-0 Be7 +/=} 6... Nf6 $11 7. Bg5 Be7 8. O-O Ne5 9. Bc2 Bg4 10.
f3 Bd7 11. Nd2 O-O 12. f4 Ng6 13. N2f3 Ng4 14. Qe1 {14.Qd2 Re8 15.Rae1 +/=}
14... f6 (14... Bxg5 15. Nxg5 h6 (15... Nxf4 $6 16. Rxf4 Qxg5 17. Qg3 h5 18. h3
h4 19. Rxg4 Qxg4 20. Qxg4 Bxg4 21. hxg4 $14) 16. Nh3 16... Re8 $11) 15. f5 $14
15... fxg5 16. fxg6 h6 17. Qe2 Bf6 18. Bb3+ Kh8 19. h3 Ne5 20. Nxe5 Bxe5 21.
Rxf8+ Qxf8 22. Rf1 Bf6 23. Nf3 (23. Qc4 $5 {est interessant} 23... Qd8 24. Qf7
$14 24... Bxd4+ 25. cxd4 g4 26. hxg4 26... Bxg4 $14) 23... Qe7 $11 24. Qf2 $2 {
24.Qc4 Bc6 25.Re1 Rf8 =} 24... Be8 {24...Qxe4 25.Bc2 Qd5 26.Bb3 Qd3 -/+}
25. e5 {25.Nh2 Bxg6 26.Ng4 Be5 27.Nxe5 dxe5 =/+} 25... dxe5 $17 ({mais pas} 
25... Bxe5 $4 26. Nxe5 Qf6 27. Qe2 dxe5 28. Rxf6 gxf6 29. Qe4 $18) 26. Qc2 {
>= 26.Bc2!? -/+} 26... e4 $19 27. Nd4 Bxg6 28. Qe2 Qc5 29. Qc4 Qxc4 30. Bxc4
Bxd4+ 31. cxd4 Rd8 32. a3 {32.d5 a6 (/\...b5) 33.a4 -+} 32... c6 33. Rd1
33... h5 {>= 33...e3!? 34.Re1 Re8 -+} 34. Kf2 Bf5 35. Ke3 g6 36. Be2 36...
Re8 {36...h4 37.g4 hxg3 38.Rg1 Kg7 39.Rxg3 Rh8 -+} 37. d5 $17 37... cxd5 38.
Rxd5 38... Re7 $2 {38...h4!? -/+} 39. g4 $2 {39.Bxh5 Kg7 40.Bd1 Kf6 =}
39... hxg4 $15 40. hxg4 Bd7 41. Rxg5 Kg7 42. Ra5 a6 43. g5 Bc6 44. Rc5 $11
44... Kf7 $6 45. Bxa6 45... Ke6 {45...bxa6? 46.Rxc6 +/-} 46. Bc4+ {
46.Bb5!? Kd6 47.b4 Bd5 48.Bc4 =} 46... Kd6 $15 47. Ra5 b6 (47... Re5 $142 48.
Rxe5 $5 (48. b4 b5 49. Be2 Rf5 50. Ra6 Kc7 51. Ra5 Kb6 52. Bg4 Rxg5 53. Kf4
53... Rc5 $17) 48... Kxe5 49. Bb3 Kf5 50. Bc2 Kxg5 51. Bxe4 Bxe4 52. Kxe4 Kh4
53. Kf3 Kh3 54. Kf4 54... Kh4 $11) 48. Rb5 $4 {
>= 48.Ra6 sauvait la partie Kc5 49.Be2 =} 48... Bxb5 $19 49. Bxb5 Kd5 50. b3
Rh7 51. Kf4 {sur 51.Be8 Rh3+ 52.Ke2 Kd4 53.Bxg6 Re3+ 54.Kf2 Rxb3 -+} 51...
Kd4 52. Be8 Rg7 53. Kg3 Kd3 54. Bb5+ Kd2 0-1